Ang mundong ito ay lupa / (Record no. 18821)
[ view plain ]
| 000 -LEADER | |
|---|---|
| fixed length control field | 00886nam a22003137a 4500 |
| 001 - CONTROL NUMBER | |
| control field | 14575373 |
| 003 - CONTROL NUMBER IDENTIFIER | |
| control field | OSt |
| 005 - DATE AND TIME OF LATEST TRANSACTION | |
| control field | 20140310183109.0 |
| 008 - FIXED-LENGTH DATA ELEMENTS--GENERAL INFORMATION | |
| fixed length control field | 060928s2005 ph 000 1 tgl |
| 010 ## - LIBRARY OF CONGRESS CONTROL NUMBER | |
| LC control number | 2006327253 |
| 020 ## - INTERNATIONAL STANDARD BOOK NUMBER | |
| International Standard Book Number | 9715844189 |
| 040 ## - CATALOGING SOURCE | |
| Original cataloging agency | DLC |
| Transcribing agency | DLC |
| 042 ## - AUTHENTICATION CODE | |
| Authentication code | lcode |
| 050 00 - LIBRARY OF CONGRESS CALL NUMBER | |
| Classification number | PL 6063.R63 |
| Item number | .R33m 2005 |
| 100 1# - MAIN ENTRY--PERSONAL NAME | |
| Personal name | Reyes, Edgar. |
| 245 14 - TITLE STATEMENT | |
| Title | Ang mundong ito ay lupa / |
| Statement of responsibility, etc | Edgardo M. Reyes. |
| 246 30 - VARYING FORM OF TITLE | |
| Title proper/short title | Lupa |
| 260 ## - PUBLICATION, DISTRIBUTION, ETC. (IMPRINT) | |
| Place of publication, distribution, etc | Quezon City : |
| Name of publisher, distributor, etc | Published and distributed by C&E Pub., |
| Date of publication, distribution, etc | 2005. |
| 300 ## - PHYSICAL DESCRIPTION | |
| Extent | xi, 383 p. : |
| Dimensions | 20 cm. |
| 500 ## - GENERAL NOTE | |
| General note | Novel. |
| 526 ## - STUDY PROGRAM INFORMATION NOTE | |
| Reading level | 1210L-1700L |
| 546 ## - LANGUAGE NOTE | |
| Language note | In Tagalog. |
| 562 ## - COPY AND VERSION IDENTIFICATION NOTE | |
| Number of copies | For circulation. 1 copy available in the collection |
| 906 ## - LOCAL DATA ELEMENT F, LDF (RLIN) | |
| a | 7 |
| b | cbc |
| c | origode |
| d | 4 |
| e | ncip |
| f | 20 |
| g | y-gencatlg |
| 942 ## - ADDED ENTRY ELEMENTS (KOHA) | |
| Source of classification or shelving scheme | Library of Congress Classification |
| Koha item type | Books |
| Call number prefix | Rare Filipiniana |
| Withdrawn status | Lost status | Source of classification or shelving scheme | Damaged status | Home library | Current library | Shelving location | Date acquired | Total Checkouts | Full call number | Barcode | Date last seen | Date checked out | Copy number | Price effective from | Koha item type |
|---|---|---|---|---|---|---|---|---|---|---|---|---|---|---|---|
| Library of Congress Classification | College Library | College Library | Filipiniana Section | 03/05/2013 | 1 | PL 6063.R63 .R33m 2005 | C7441 | 05/08/2018 | 11/14/2014 | 1 | 03/05/2013 | Books |